[Event "St Petersburg (Women)"]
[Site "St Petersburg"]
[Date "2001.??.??"]
[Round "1"]
[White "Rubzova, Tatiana"]
[Black "Rakitskaja, Mariya"]
[Result "1/2-1/2"]
[WhiteElo "2284"]
[BlackElo "2176"]
[PlyCount "59"]
[EventDate "2001.??.??"]
[EventType "tourn"]
[EventRounds "10"]
[EventCountry "RUS"]
[EventCategory "1"]
[SourceTitle "EXT 2002"]
[Source "ChessBase"]
[SourceDate "2001.11.25"]
[SourceVersion "1"]
[SourceVersionDate "2001.11.25"]
[SourceQuality "1"]

1. c4 Nf6 2. Nc3 g6 3. g3 Bg7 4. Bg2 0-0 5. e3 d6 6. Nge2 e5 7. d4 Re8 8. 0-0 c6 9. b3 e4 10. a4 a5 11. h3 h5 12. Kh2 Na6 13. f3 exf3 14. Bxf3 Bf5 15. Nf4 Nb4 16. Rf2 d5 17. cxd5 cxd5 18. Ba3 Be4 19. Bxe4 Nxe4 20. Nxe4 Rxe4 21. Bxb4 axb4 22. Qf3 Qd7 23. Rc1 Rae8 24. Re2 Bh6 25. Kg2 Bxf4 26. gxf4 Qe7 27. Kf2 Qh4+ 28. Kg2 Qe7 29. Kf2 Qh4+ 30. Kg2 1/2-1/2

[Event "RUS-ch (Women)"]
[Site "Elista"]
[Date "2001.??.??"]
[Round "8"]
[White "Trofimova, Olga"]
[Black "Rubzova, Tatiana"]
[Result "1/2-1/2"]
[WhiteElo "2261"]
[BlackElo "2284"]
[PlyCount "115"]
[EventDate "2001.??.??"]
[EventType "swiss"]
[EventRounds "9"]
[EventCountry "RUS"]
[SourceTitle "EXT 2002"]
[Source "ChessBase"]
[SourceDate "2001.11.25"]
[SourceVersion "1"]
[SourceVersionDate "2001.11.25"]
[SourceQuality "1"]

1. c4 c5 2. Nc3 Nf6 3. g3 d5 4. cxd5 Nxd5 5. Bg2 Nc7 6. b3 e5 7. d3 Be7 8. Be3 0-0 9. Rc1 Ne6 10. Nf3 Nc6 11. Na4 Qa5+ 12. Qd2 Qb4 13. 0-0 Qxd2 14. Nxd2 Ncd4 15. Rfe1 Rb8 16. Ne4 b6 17. Nec3 Bb7 18. Nd5 Bd6 19. Bd2 Rfd8 20. Nac3 Nc7 21. e3 Nde6 22. Rcd1 Nxd5 23. Nxd5 Bf8 24. e4 f6 25. f4 exf4 26. Nxf4 Nxf4 27. Bxf4 Bd6 28. h4 Bxf4 29. gxf4 Rd4 30. f5 Rbd8 31. Re3 Kf7 32. Kf2 g6 33. fxg6+ hxg6 34. Bf3 Ba6 35. Be2 Rh8 36. Kg3 Ke6 37. Rf1 Rd6 38. Ref3 Rf8 39. Kf2 Bc8 40. Ke3 Ke5 41. Rg3 f5 42. Rg5 Rdf6 43. Rfg1 Rh8 44. Rxg6 Rxh4 45. Rxf6 Kxf6 46. Rg8 Be6 47. Ra8 fxe4 48. Rxa7 exd3 49. Bxd3 Ke5 50. Ra6 Rh3+ 51. Kd2 Kd4 52. Ra4+ Ke5 53. Re4+ Kd6 54. Re2 Bd5 55. Rf2 Rh6 56. Kc3 Kc6 57. a4 Rh3 58. Rd2 1/2-1/2

[Event "St Petersburg White Nights (Women)"]
[Site "St Petersburg"]
[Date "2000.07.01"]
[Round "8"]
[White "Lopatskaya, Elena V"]
[Black "Rubzova, Tatiana"]
[Result "0-1"]
[WhiteElo "2328"]
[BlackElo "2252"]
[PlyCount "80"]
[EventDate "2000.06.23"]
[EventType "tourn"]
[EventRounds "10"]
[EventCountry "RUS"]
[EventCategory "1"]
[SourceTitle "CBM 076 Extra"]
[Source "ChessBase"]
[SourceDate "2000.07.11"]
[SourceVersion "1"]
[SourceVersionDate "2000.07.11"]
[SourceQuality "1"]

1. Nf3 c5 2. b3 Nc6 3. Bb2 e6 4. e3 Nf6 5. Bb5 d6 6. Bxc6+ bxc6 7. 0-0 Be7 8. c4 0-0 9. Nc3 e5 10. h3 h6 11. Qc2 Be6 12. Rfe1 Qd7 13. d4 cxd4 14. exd4 Bf5 15. Qe2 e4 16. Nd2 d5 17. cxd5 cxd5 18. Rac1 Bd6 19. Nf1 Rfe8 20. Qb5 Qe6 21. Ne3 Rab8 22. Qf1 Rbc8 23. Rc2 Bb8 24. Ba3 Qd7 25. Rec1 Be6 26. Qb5 Bxh3 27. Qxd7 Bxd7 28. Ncxd5 Nxd5 29. Nxd5 Rxc2 30. Rxc2 f6 31. Bc5 Be6 32. Nb4 Rc8 33. Re2 Bf5 34. Na6 Bf4 35. g3 Bc1 36. Nb4 e3 37. fxe3 Bg4 38. Kf2 Bxe2 39. Kxe2 Ba3 40. Kd3 Rxc5 0-1

[Event "St Petersburg White Nights (Women)"]
[Site "St Petersburg"]
[Date "2000.06.29"]
[Round "6"]
[White "Lymar, Irina"]
[Black "Rubzova, Tatiana"]
[Result "1/2-1/2"]
[WhiteElo "2347"]
[BlackElo "2252"]
[PlyCount "68"]
[EventDate "2000.06.23"]
[EventType "tourn"]
[EventRounds "10"]
[EventCountry "RUS"]
[EventCategory "1"]
[SourceTitle "CBM 076 Extra"]
[Source "ChessBase"]
[SourceDate "2000.07.11"]
[SourceVersion "1"]
[SourceVersionDate "2000.07.11"]
[SourceQuality "1"]

1. d4 d5 2. Nf3 e6 3. c4 c6 4. Qc2 Nf6 5. g3 Be7 6. Bg2 0-0 7. 0-0 Nbd7 8. Rd1 Ne4 9. b3 f5 10. Bb2 Qe8 11. Nbd2 Qh5 12. Rf1 Ndf6 13. Nxe4 fxe4 14. Ne5 Bd6 15. f3 exf3 16. exf3 c5 17. Rae1 b6 18. dxc5 Bxc5+ 19. Kh1 Ba6 20. Nd3 dxc4 21. bxc4 Rad8 22. Nf4 Qh6 23. Rxe6 Bc8 24. Re2 Nh5 25. Nxh5 Qxh5 26. Re5 Qf7 27. f4 Bb7 28. Rg5 Bd4 29. f5 Bxg2+ 30. Kxg2 Qf6 31. Bxd4 Qxg5 32. Rf4 Rd7 33. Qf2 Qd8 34. f6 Rxd4 1/2-1/2

[Event "St Petersburg White Nights (Women)"]
[Site "St Petersburg"]
[Date "2000.06.26"]
[Round "4"]
[White "Sorokina, Anastasia"]
[Black "Rubzova, Tatiana"]
[Result "0-1"]
[WhiteElo "2165"]
[BlackElo "2252"]
[PlyCount "72"]
[EventDate "2000.06.23"]
[EventType "tourn"]
[EventRounds "10"]
[EventCountry "RUS"]
[EventCategory "1"]
[SourceTitle "CBM 076 Extra"]
[Source "ChessBase"]
[SourceDate "2000.07.11"]
[SourceVersion "1"]
[SourceVersionDate "2000.07.11"]
[SourceQuality "1"]

1. e4 c5 2. Nf3 e6 3. d4 cxd4 4. Nxd4 a6 5. Nc3 Qc7 6. Be2 Nf6 7. 0-0 Be7 8. f4 d6 9. Bf3 0-0 10. Be3 Nc6 11. Nb3 Re8 12. a4 b6 13. g4 Bb7 14. g5 Nd7 15. Bg2 Bf8 16. Qh5 g6 17. Qh4 Bg7 18. f5 Nde5 19. Rad1 Rad8 20. Bh3 Nc4 21. Bc1 Nb4 22. f6 Bf8 23. Nd4 Ne5 24. Bf4 Nbc6 25. Nxe6 fxe6 26. f7+ Nxf7 27. Bxe6 Rxe6 28. Nd5 Qd7 29. Rd3 Nfe5 30. Rh3 Nd4 31. Bxe5 dxe5 32. Nf6+ Rxf6 33. Rxf6 Ne2+ 34. Kh1 Qd1+ 35. Kg2 Qg1+ 36. Kf3 Nd4# 0-1

[Event "St Petersburg White Nights (Women)"]
[Site "St Petersburg"]
[Date "2000.06.23"]
[Round "1"]
[White "Rubzova, Tatiana"]
[Black "Ovod, Evgenija"]
[Result "0-1"]
[WhiteElo "2252"]
[BlackElo "2318"]
[PlyCount "102"]
[EventDate "2000.06.23"]
[EventType "tourn"]
[EventRounds "10"]
[EventCountry "RUS"]
[EventCategory "1"]
[SourceTitle "CBM 076 Extra"]
[Source "ChessBase"]
[SourceDate "2000.07.11"]
[SourceVersion "1"]
[SourceVersionDate "2000.07.11"]
[SourceQuality "1"]

1. c4 c5 2. Nf3 Nc6 3. g3 g6 4. Bg2 Bg7 5. 0-0 d6 6. Nc3 Qd7 7. e3 Bxc3 8. bxc3 b6 9. e4 Bb7 10. d3 0-0-0 11. Ng5 e6 12. f4 f6 13. Nf3 Nge7 14. Re1 Kb8 15. d4 cxd4 16. cxd4 Na5 17. Bh3 Nxc4 18. d5 f5 19. dxe6 Qc6 20. exf5 Nxf5 21. Bg2 Qc5+ 22. Kh1 h5 23. Qe2 h4 24. Nxh4 Nxh4 25. gxh4 Rxh4 26. Bxb7 Kxb7 27. Qg2+ Kc7 28. a4 Qb4 29. Re2 Qb3 30. Bb2 Rxf4 31. Rc1 Qxa4 32. Rec2 b5 33. Qxg6 Qa6 34. Rg2 Qc6 35. Bd4 a5 36. Kg1 Qe4 37. Qg7+ Kc6 38. Bf2 Qxe6 39. Qa7 Qd5 40. Qb6+ Kd7 41. Rg7+ Ke8 42. Qc7 Qe6 43. Re1 Ne5 44. Re3 Rc8 45. Qb7 Kf8 46. Reg3 Rc1+ 47. Kg2 Rxf2+ 48. Kxf2 Qf6+ 49. Ke3 Re1+ 50. Kd4 Nc6+ 51. Kd5 Nb4# 0-1

[Event "St Petersburg op (Women)"]
[Site "St Petersburg"]
[Date "2000.04.15"]
[Round "9"]
[White "Rubzova, Tatiana"]
[Black "Stjazhkina, Olga"]
[Result "1/2-1/2"]
[WhiteElo "2252"]
[BlackElo "2319"]
[PlyCount "20"]
[EventDate "2000.04.07"]
[EventType "swiss"]
[EventRounds "9"]
[EventCountry "RUS"]
[SourceTitle "CBM 075 Extra"]
[Source "ChessBase"]
[SourceDate "2000.05.11"]
[SourceVersion "2"]
[SourceVersionDate "2000.05.11"]
[SourceQuality "1"]

1. c4 e5 2. Nc3 Nc6 3. e3 g6 4. g3 Bg7 5. Bg2 d6 6. Nge2 Be6 7. d3 f5 8. Nd5 Qd7 9. Rb1 a5 10. 0-0 Nf6 1/2-1/2